[Event "Open Integrale Autunno"]
[Site "Milano ITA"]
[Date "2015.09.29"]
[Round "5"]
[White "Arena, Ignazio"]
[Black "Spada, Maurizio"]
[WhiteElo "1490"]
[BlackElo "1611"]
[Result "1-0"]
[PlyCount "103"]
[EventDate "2015.09.15"]

1. d4 d5 2. c4 c6 3. cxd5 cxd5 4. Nc3 Nf6 5. Nf3 Nc6 6. Bf4 a6 7. e3 Bf5 8. Be2
e6 9. O-O Bd6 10. Bxd6 Qxd6 11. a3 O-O 12. Rc1 Rac8 13. b4 Ne7 14. Ne5 Ng6 15.
Nd3 Bxd3 16. Qxd3 Nh4 17. Na4 Ne4 18. Nc5 Nxc5 19. bxc5 Qe7 20. g3 Nf5 21. Bf3
Qf6 22. Bg2 Ne7 23. Rb1 Rc7 24. Rb6 Nc6 25. Rfb1 Qe7 26. Qb3 Rb8 27. Bf1 Na5
28. Qc3 Nc6 29. Bxa6 e5 30. Qb2 exd4 31. exd4 Qe4 32. Rd1 g6 33. Bb5 Ne7 34.
Bd3 Qg4 35. Rb1 Nc6 36. Ba6 Nxd4 37. Bf1 Rxc5 38. Rxb7 Rbc8 39. Rb8 Rxb8 40.
Qxb8+ Kg7 41. Kh1 Rc2 42. Qe5+ f6 43. Rb7+ Kh6 44. Qe3+ g5 45. Qd3 Qf3+ 46.
Qxf3 Nxf3 47. Rd7 Rxf2 48. Bg2 Ne1 49. Bh3 g4 50. Kg1 Ra2 51. Bxg4 Rxa3 52.
Rxd5 1-0

[Event "Open Integrale Autunno"]
[Site "Milano ITA"]
[Date "2015.09.29"]
[Round "5"]
[White "Colica, Daniele"]
[Black "Ciciotti, Augusto"]
[WhiteElo "1660"]
[BlackElo "1846"]
[Result "1/2-1/2"]
[PlyCount "51"]
[EventDate "2015.09.15"]

1. e4 c5 2. Nf3 d6 3. d4 cxd4 4. Qxd4 a6 5. Be3 Nd7 6. Nc3 e5 7. Qd2 Ngf6 8.
Bd3 b5 9. O-O-O Bb7 10. Nd5 Bxd5 11. exd5 e4 12. Rhe1 Be7 13. Bf4 Nc5 14. Nd4
Nxd3+ 15. cxd3 Rc8+ 16. Kb1 Nxd5 17. Rxe4 O-O 18. Nf5 Rc6 19. Nxe7+ Nxe7 20.
Qe2 Nd5 21. Bd2 Qf6 22. Re1 h6 23. Re8 Rc8 24. Rxf8+ Rxf8 25. g3 Qf5 26. f4
1/2-1/2

[Event "Open Integrale Autunno"]
[Site "Milano ITA"]
[Date "2015.09.29"]
[Round "5"]
[White "Figini, Vittorio"]
[Black "Mingolla, Patrizio"]
[WhiteElo "1473"]
[BlackElo "1641"]
[Result "0-1"]
[PlyCount "120"]
[EventDate "2015.09.15"]

1. e4 e5 2. Nf3 d6 3. Bc4 Nd7 4. d4 c6 5. dxe5 dxe5 6. Ng5 Nh6 7. Nh3 g6 8. O-O
Bg7 9. Bg5 Qc7 10. Qd2 Ng4 11. f3 Ngf6 12. Nc3 O-O 13. Rad1 b5 14. Bb3 Nc5 15.
Nf2 Nxb3 16. axb3 Ne8 17. Bh6 Bxh6 18. Qxh6 Nf6 19. Rd2 Nh5 20. Ne2 Be6 21. Nd3
Rad8 22. Rfd1 Rd6 23. Kh1 c5 24. Qe3 Rfd8 25. f4 exf4 26. Nexf4 Nxf4 27. Nxf4
Rxd2 28. Rxd2 Rxd2 29. Qxd2 Qd7 30. Nd5 Qd8 31. c4 b4 32. Qf4 Kg7 33. h4 Bc8
34. e5 Bb7 35. Qe4 Bc8 36. Kh2 Bf5 37. Qf4 h5 38. g3 Qd7 39. Kg1 Qe6 40. Kf2
Bc2 41. Qe3 Qf5+ 42. Nf4 Bd1 43. Ke1 Qb1 44. e6 Bxb3+ 45. Kf2 Qxb2+ 46. Kf3
Bd1+ 47. Ke4 f5+ 48. Kd5 Qd4+ 49. Qxd4+ cxd4 50. Kxd4 Kf6 51. c5 Bf3 52. Kc4 a5
53. Kb3 Bc6 54. Ne2 Bd5+ 55. Kb2 Bxe6 56. c6 Ke7 57. Nf4 Kd6 58. Nxg6 Kxc6 59.
Nf4 Bf7 60. Nd3 Kd5 0-1

[Event "Open Integrale Autunno"]
[Site "Milano ITA"]
[Date "2015.09.29"]
[Round "5"]
[White "Mei, Gianluca"]
[Black "Raxhimi, Besnik"]
[WhiteElo "1843"]
[BlackElo "1730"]
[Result "1-0"]
[PlyCount "79"]
[EventDate "2015.09.15"]

1. e4 e5 2. Nf3 d6 3. d4 exd4 4. Nxd4 c5 5. Nf3 g6 6. Bg5 Qb6 7. Nc3 Be6 8.
Bb5+ Nc6 9. O-O f6 10. Bf4 O-O-O 11. a4 a6 12. Be2 g5 13. Be3 h5 14. Nd5 Bxd5
15. exd5 Ne5 16. a5 Nxf3+ 17. Bxf3 Qxb2 18. Qd2 Rh7 19. Be4 Re7 20. Bf5+ Kc7
21. Rab1 Qe5 22. Be6 Nh6 23. Rfe1 Ng4 24. Bxg4 hxg4 25. Bxc5 Qxe1+ 26. Rxe1
Rxe1+ 27. Qxe1 dxc5 28. Qe6 Kb8 29. Qxf6 Re8 30. Kf1 c4 31. Qf7 Rc8 32. Qd7 Bc5
33. Qxg4 Rf8 34. f3 Ka7 35. Qxc4 Be3 36. d6 Bf4 37. d7 Kb8 38. Qc5 Rd8 39. g3
Bc7 40. Qd5 1-0

[Event "Open Integrale Autunno"]
[Site "Milano ITA"]
[Date "2015.09.29"]
[Round "5"]
[White "Mina, N. Mina"]
[Black "Maccari, Piergiuseppe"]
[WhiteElo "2166"]
[BlackElo "1831"]
[Result "1-0"]
[PlyCount "43"]
[EventDate "2015.09.15"]

1. e4 c5 2. Nc3 Nc6 3. f4 e6 4. Nf3 Nf6 5. Bb5 Nd4 6. e5 Nxb5 7. exf6 Nd4 8.
Nxd4 cxd4 9. fxg7 Bxg7 10. Ne4 Qh4+ 11. g3 Qh3 12. Qf3 O-O 13. d3 Rb8 14. Nd6
b6 15. Bd2 Ba6 16. O-O-O Rfd8 17. f5 exf5 18. Qd5 Rf8 19. Rhf1 f4 20. Rde1 Rbc8
21. Nxc8 Rxc8 22. Rxf4 1-0

[Event "Open Integrale Autunno"]
[Site "Milano ITA"]
[Date "2015.09.29"]
[Round "5"]
[White "Paolillo, Giampiero"]
[Black "Colombo, Abner"]
[WhiteElo "1737"]
[BlackElo "1307"]
[Result "1-0"]
[PlyCount "81"]
[EventDate "2015.09.15"]

1. d4 f5 2. Nf3 d6 3. e3 Nf6 4. Bc4 d5 5. Bb3 Nbd7 6. a3 c5 7. dxc5 Nxc5 8. Ba2
Nce4 9. O-O g5 10. Nbd2 e6 11. Nxe4 Nxe4 12. Qd4 Rg8 13. Qd1 Bd6 14. Nd2 g4 15.
Nxe4 fxe4 16. c4 Rg5 17. g3 Bd7 18. cxd5 Bb5 19. Re1 e5 20. Bb1 Qf6 21. Bxe4
Ke7 22. f4 Rh5 23. Qxg4 Qh6 24. Qe6+ Qxe6 25. dxe6 Bc6 26. Bxc6 bxc6 27. Bd2
Kxe6 28. Rac1 c5 29. Rc4 Kd5 30. Rec1 e4 31. b4 Rc8 32. Kg2 Ke6 33. Rxe4+ Kf5
34. Rec4 Rc7 35. e4+ Kg4 36. e5 Be7 37. Be3 Rc6 38. Bxc5 Bxc5 39. Rxc5 Rch6 40.
h4 Kf5 41. Rc6 1-0

[Event "Open Integrale Autunno"]
[Site "Milano ITA"]
[Date "2015.09.29"]
[Round "5"]
[White "Pasini, Nicolo'"]
[Black "Bracci, Andrea"]
[WhiteElo "1862"]
[BlackElo "1918"]
[Result "1/2-1/2"]
[PlyCount "102"]
[EventDate "2015.09.15"]

1. e4 c5 2. Nf3 Nc6 3. d4 cxd4 4. Nxd4 g6 5. c4 Nf6 6. Nc3 d6 7. Be2 Nxd4 8.
Qxd4 Bg7 9. Be3 O-O 10. Qd2 Be6 11. f3 Nd7 12. O-O a5 13. Bd4 Bxd4+ 14. Qxd4
Qb6 15. Nb5 Rfc8 16. Rac1 Qxd4+ 17. Nxd4 Nc5 18. Rc2 Bd7 19. Rfc1 e5 20. Nb5
Bxb5 21. cxb5 b6 22. b3 Ra7 23. Bc4 Kf8 24. Bd5 Rac7 25. Kf1 Ke7 26. Ke2 Ne6
27. Rxc7+ Rxc7 28. Rxc7+ Nxc7 29. a4 f5 30. Kd3 Ne8 31. b4 axb4 32. Kc4 Kd8 33.
Kxb4 Kc7 34. Kc4 Nf6 35. exf5 gxf5 36. Be6 f4 37. g4 h6 38. h4 e4 39. fxe4 Nxe4
40. Kd4 Nc5 41. Bf5 Kd8 42. Bc2 Ke7 43. g5 hxg5 44. hxg5 Kf7 45. Kc3 Ke6 46.
Kd4 d5 47. Bd1 Kd6 48. Bg4 Nb3+ 49. Kc3 Nc5 50. Kd4 Nb3+ 51. Kc3 Nc5 1/2-1/2

[Event "Open Integrale Autunno"]
[Site "Milano ITA"]
[Date "2015.09.29"]
[Round "5"]
[White "Pelizzola, Danilo"]
[Black "Nicolo', Filippo"]
[WhiteElo "2041"]
[BlackElo "2030"]
[Result "0-1"]
[PlyCount "86"]
[EventDate "2015.09.15"]

1. e4 e6 2. d4 d5 3. Nc3 Nc6 4. Nf3 Nf6 5. Bg5 Be7 6. e5 Ne4 7. Bxe7 Qxe7 8. a3
Ng5 9. Bb5 Nxf3+ 10. Qxf3 Bd7 11. Bxc6 Bxc6 12. Qe3 O-O 13. O-O a5 14. f4 b6
15. f5 exf5 16. Rxf5 Rae8 17. Raf1 Bb7 18. Ne2 Ba6 19. R1f2 Bxe2 20. Qxe2 Qd7
21. Qd3 Re6 22. R2f3 c5 23. c3 Rg6 24. R5f4 c4 25. Qc2 b5 26. h4 Rg4 27. Qe2
Rxf4 28. Rxf4 Rb8 29. Rf1 Rb6 30. h5 h6 31. Kh2 b4 32. axb4 axb4 33. Ra1 bxc3
34. Ra8+ Kh7 35. bxc3 Qf5 36. Rd8 Qf4+ 37. Kh3 Rb3 38. Qc2+ g6 39. hxg6+ fxg6
40. Rd7+ Kh8 41. g3 Qf1+ 42. Kg4 Rxc3 43. Qxg6 Rxg3+ 0-1

[Event "Open Integrale Autunno"]
[Site "Milano ITA"]
[Date "2015.09.29"]
[Round "5"]
[White "Ramirez Rivera, Elias Antonio"]
[Black "Cantoro, Daniele"]
[WhiteElo "1704"]
[BlackElo "2130"]
[Result "0-1"]
[PlyCount "56"]
[EventDate "2015.09.15"]

1. e4 c5 2. Nf3 Nc6 3. g3 g6 4. Bg2 Bg7 5. d3 Nf6 6. O-O d5 7. Nbd2 O-O 8. Re1
d4 9. e5 Nd7 10. e6 fxe6 11. Ng5 Nde5 12. f4 h6 13. fxe5 hxg5 14. Nf3 g4 15.
Nh4 Nxe5 16. Rxe5 Bxe5 17. Qxg4 Bg7 18. Bh6 Rf6 19. Bxg7 Kxg7 20. Be4 Qe8 21.
Qg5 e5 22. Qxe5 Qf7 23. Qxc5 Bh3 24. Qxd4 Rd8 25. Qc3 Rc8 26. Nf5+ Bxf5 27. Qe5
Bxe4 28. dxe4 Rxc2 0-1

[Event "Open Integrale Autunno"]
[Site "Milano ITA"]
[Date "2015.09.29"]
[Round "5"]
[White "Silari, Andrea"]
[Black "Brisotto, Stefano"]
[WhiteElo "1698"]
[BlackElo "1465"]
[Result "0-1"]
[PlyCount "46"]
[EventDate "2015.09.15"]

1. c4 c5 2. g3 g6 3. Bg2 Bg7 4. e3 Nc6 5. Ne2 Nf6 6. O-O O-O 7. d4 cxd4 8. exd4
d5 9. c5 Bg4 10. Nbc3 Qd7 11. Be3 Bh3 12. a3 Bxg2 13. Kxg2 a5 14. Nb5 Na7 15.
Nxa7 Rxa7 16. b4 axb4 17. axb4 Rxa1 18. Qxa1 Qb5 19. Qb2 Ne4 20. Rb1 Qd3 21. b5
Nxc5 22. Nc3 Ne6 23. Nxd5 Qe4+ 0-1

[Event "Open Integrale Autunno"]
[Site "Milano ITA"]
[Date "2015.09.29"]
[Round "5"]
[White "Tassini, Marco"]
[Black "Di Paola, Antonio"]
[WhiteElo "1813"]
[BlackElo "1699"]
[Result "1-0"]
[PlyCount "63"]
[EventDate "2015.09.15"]

1. e4 c6 2. d4 d5 3. f3 e6 4. Nc3 Bb4 5. Bf4 Nd7 6. Qd3 Ne7 7. Nge2 Ng6 8. Bg3
O-O 9. h4 dxe4 10. fxe4 e5 11. h5 Nf4 12. Nxf4 exf4 13. Bxf4 Qf6 14. Qe3 Re8
15. O-O-O Bxc3 16. bxc3 Qe6 17. Bd3 Nf6 18. Rde1 Qxa2 19. h6 g6 20. d5 Qa3+ 21.
Kd2 Bg4 22. Qd4 Qe7 23. Bg5 Nxe4+ 24. Rxe4 Qxg5+ 25. Rf4 Re5 26. c4 cxd5 27.
cxd5 Rd8 28. c4 b5 29. d6 Rxd6 30. Qxd6 Qxf4+ 31. Kc3 Qg5 32. Qb8+ 1-0

[Event "Open Integrale Autunno"]
[Site "Milano ITA"]
[Date "2015.10.01"]
[Round "6"]
[White "Alidosi, Marco"]
[Black "Tassini, Marco"]
[WhiteElo "1759"]
[BlackElo "1813"]
[Result "1-0"]
[PlyCount "85"]
[EventDate "2015.09.15"]

1. d4 d5 2. Bf4 Nf6 3. e3 e6 4. c3 Bd6 5. Bg3 O-O 6. Bd3 Re8 7. Nf3 Nc6 8. Ne5
Ne7 9. Nd2 c5 10. O-O Nf5 11. Bf4 c4 12. Bc2 Be7 13. a4 Nd6 14. Qf3 g6 15. h3
Nh5 16. Bh2 Ng7 17. Ng4 f5 18. Nh6+ Kf8 19. g4 Bg5 20. Bf4 Bxh6 21. Bxh6 Kg8
22. Qg3 Nf7 23. Bf4 Qf6 24. Nf3 e5 25. dxe5 Qe7 26. Rad1 g5 27. e6 Bxe6 28. Be5
Nxe5 29. Nxe5 Rad8 30. f4 fxg4 31. hxg4 Bc8 32. Rd2 Rd6 33. Rfd1 Red8 34. Rh2
h6 35. Kf2 gxf4 36. exf4 Rf6 37. Kg2 Rdf8 38. f5 Re8 39. Re1 Qc5 40. Ng6 Qc6
41. Ne7+ Rxe7 42. Rxe7 Qb6 43. Qc7 1-0

[Event "Open Integrale Autunno"]
[Site "Milano ITA"]
[Date "2015.10.01"]
[Round "6"]
[White "Bonghi, Fabrizio"]
[Black "Ceraulo, Carlo Alberto"]
[WhiteElo "1471"]
[BlackElo "1456"]
[Result "0-1"]
[PlyCount "40"]
[EventDate "2015.09.15"]

1. d4 d5 2. c4 dxc4 3. a4 e5 4. e3 exd4 5. exd4 Bb4+ 6. Nc3 Nf6 7. Bxc4 O-O 8.
Nf3 Ne4 9. Qc2 Bf5 10. O-O Ng3 11. Bd3 Bxd3 12. Qxd3 Nxf1 13. Kxf1 Nd7 14. Ne4
h6 15. Bf4 Re8 16. Rc1 Rc8 17. Ng3 Nf6 18. Ne5 Bd6 19. Nf5 Bxe5 20. Bxe5 Rxe5
0-1

[Event "Open Integrale Autunno"]
[Site "Milano ITA"]
[Date "2015.10.28"]
[Round "6"]
[White "Brisotto, Stefano"]
[Black "Pelizzola, Danilo"]
[WhiteElo "1465"]
[BlackElo "2041"]
[Result "0-1"]
[PlyCount "79"]
[EventDate "2015.09.15"]

1. e4 e5 2. Nf3 Nc6 3. Bb5 a6 4. Bxc6 dxc6 5. O-O f6 6. d4 exd4 7. Nxd4 c5 8.
Nb3 Qxd1 9. Rxd1 Bd7 10. Bf4 O-O-O 11. Nc3 Bc6 12. Rxd8+ Kxd8 13. Rd1+ Kc8 14.
Nd5 Bxd5 15. exd5 Bd6 16. Be3 b6 17. a4 Ne7 18. c4 Kd7 19. f3 Nf5 20. Bf2 Be5
21. Rb1 Nd6 22. Nd2 Bf4 23. Ne4 Nxc4 24. b4 cxb4 25. Rxb4 Nd6 26. Nxf6+ gxf6
27. Rxf4 Rf8 28. Bg3 Rf7 29. h3 a5 30. Bh4 Ne8 31. Bg3 f5 32. Rc4 Nd6 33. Bxd6
Kxd6 34. Rd4 Ke5 35. Rd1 f4 36. Kf2 Rd7 37. g3 fxg3+ 38. Kxg3 Rxd5 39. Rxd5+
Kxd5 40. f4 0-1

[Event "Open Integrale Autunno"]
[Site "Milano ITA"]
[Date "2015.10.01"]
[Round "6"]
[White "Cantoro, Daniele"]
[Black "Bracci, Andrea"]
[WhiteElo "2130"]
[BlackElo "1918"]
[Result "1-0"]
[PlyCount "73"]
[EventDate "2015.09.15"]

1. e4 c5 2. Nf3 Nc6 3. d4 cxd4 4. Nxd4 g6 5. Nc3 Bg7 6. Be3 Nf6 7. Bc4 O-O 8.
Bb3 d6 9. f3 Bd7 10. Qd2 Na5 11. O-O-O Rb8 12. h4 h5 13. Rdg1 b5 14. g4 Nc4 15.
Bxc4 bxc4 16. Nd5 Nxd5 17. exd5 Qb6 18. c3 Qb7 19. Nc6 Bxc6 20. dxc6 Qxc6 21.
gxh5 Qxf3 22. hxg6 fxg6 23. h5 gxh5 24. Bh6 Rf7 25. Qg5 Qb7 26. Rh2 Rbf8 27.
Rf2 e6 28. Rxf7 Rxf7 29. Qxh5 Qe7 30. Bg5 Qf8 31. Qe2 Qc8 32. Bh6 e5 33. Qg2
Qb7 34. Qg6 Kf8 35. Qxd6+ Qe7 36. Qb8+ Qe8 37. Bxg7+ 1-0

[Event "Open Integrale Autunno"]
[Site "Milano ITA"]
[Date "2015.10.01"]
[Round "6"]
[White "Ciciotti, Augusto"]
[Black "Mingolla, Patrizio"]
[WhiteElo "1846"]
[BlackElo "1641"]
[Result "1-0"]
[PlyCount "123"]
[EventDate "2015.09.15"]

1. d4 d5 2. c4 e6 3. g3 Nf6 4. Bg2 g6 5. Nf3 Bg7 6. Qc2 c6 7. O-O O-O 8. Rd1
Qe7 9. b3 Na6 10. Ba3 c5 11. Nc3 Nb4 12. Qd2 a5 13. dxc5 Ne4 14. Nxe4 Bxa1 15.
Rxa1 dxe4 16. Ng5 Rd8 17. Qc1 f5 18. h4 Qxc5 19. Bb2 e5 20. Nh3 Ra6 21. Qg5
Rad6 22. Kh2 Be6 23. h5 Bc8 24. hxg6 hxg6 25. Qh6 R8d7 26. Ng5 Nc6 27. e3 Nd8
28. a4 Rf6 29. Rd1 Qf8 30. Qxf8+ Rxf8 31. Rxd7 Bxd7 32. Bxe5 Nc6 33. Bc3 Re8
34. Bf1 Nb4 35. c5 Nd3 36. Bxa5 Nxc5 37. Bc4+ Be6 38. Bb5 Rc8 39. Nxe6 Nxb3 40.
Bb4 Kf7 41. Bd7 Rc4 42. Nd8+ Kf6 43. Ba3 Nc5 44. Bb5 Rc2 45. Bxc5 Rxc5 46. Nxb7
Rc2 47. Kg2 Ke7 48. a5 Ra2 49. a6 Ra1 50. Nc5 Kd6 51. Nb3 Ra3 52. Nd4 Kc7 53.
Bf1 Kb8 54. Nc6+ Ka8 55. Ne7 Ra5 56. Nxg6 Rc5 57. Ne7 Ka7 58. Ng8 Ra5 59. Nh6
Re5 60. Nf7 Rc5 61. Nd6 Rd5 62. Nc8+ 1-0

[Event "Open Integrale Autunno"]
[Site "Milano ITA"]
[Date "2015.10.01"]
[Round "6"]
[White "Colica, Daniele"]
[Black "Paolillo, Giampiero"]
[WhiteElo "1660"]
[BlackElo "1737"]
[Result "0-1"]
[PlyCount "52"]
[EventDate "2015.09.15"]

1. e4 e5 2. Nf3 Nc6 3. d4 exd4 4. Nxd4 Bb4+ 5. c3 Bc5 6. Be3 Bb6 7. Bc4 Ne5 8.
Be2 d6 9. O-O Nf6 10. Bg5 h6 11. Bxf6 Qxf6 12. Kh1 O-O 13. f4 Ng6 14. Qd2 Re8
15. e5 dxe5 16. fxe5 Qxe5 17. Bc4 Re7 18. Na3 Be6 19. Rae1 Qd6 20. Nab5 Qd7 21.
Bxe6 fxe6 22. Qd3 Qe8 23. Qc4 a6 24. Nd6 cxd6 25. Rxe6 Kh8 26. Rfe1 Ne5 0-1

[Event "Open Integrale Autunno"]
[Site "Milano ITA"]
[Date "2015.10.01"]
[Round "6"]
[White "Colombo, Abner"]
[Black "Del Frate, Walter"]
[WhiteElo "1307"]
[BlackElo "1461"]
[Result "0-1"]
[PlyCount "24"]
[EventDate "2015.09.15"]

1. f4 d5 2. d4 Nf6 3. Nc3 e6 4. Nf3 c5 5. b3 Nc6 6. e3 cxd4 7. exd4 Bb4 8. Bb2
Ne4 9. Qd3 Qa5 10. Be2 Bxc3+ 11. Bxc3 Qxc3+ 12. Qxc3 Nxc3 0-1

[Event "Open Integrale Autunno"]
[Site "Milano ITA"]
[Date "2015.10.01"]
[Round "6"]
[White "Di Paola, Antonio"]
[Black "Arena, Ignazio"]
[WhiteElo "1699"]
[BlackElo "1490"]
[Result "0-1"]
[PlyCount "60"]
[EventDate "2015.09.15"]

1. d4 Nf6 2. c4 e6 3. Nf3 d5 4. cxd5 exd5 5. Nc3 Be7 6. Bg5 Nbd7 7. e3 c6 8.
Bd3 O-O 9. O-O Re8 10. Qc2 Nf8 11. Ne5 N6d7 12. Bf4 Nxe5 13. Bxe5 Bd6 14. Bxd6
Qxd6 15. Na4 Re6 16. Bf5 Rh6 17. g3 Ne6 18. Qd3 Rh5 19. Bxe6 Bxe6 20. f3 Re8
21. Nc5 Bh3 22. Rf2 b6 23. Nb3 Re6 24. Nd2 Rg6 25. Nf1 Rgh6 26. a3 Bxf1 27.
Kxf1 Rxh2 28. Qf5 Rh1+ 29. Ke2 Rxa1 30. Qc8+ Qf8 0-1

[Event "Open Integrale Autunno"]
[Site "Milano ITA"]
[Date "2015.10.01"]
[Round "6"]
[White "Maccari, Piergiuseppe"]
[Black "Ramirez Rivera, Elias Antonio"]
[WhiteElo "1831"]
[BlackElo "1704"]
[Result "1/2-1/2"]
[PlyCount "58"]
[EventDate "2015.09.15"]

1. Nf3 Nf6 2. g3 b6 3. Bg2 Bb7 4. O-O e6 5. c4 Be7 6. Nc3 O-O 7. d4 Qc8 8. Bf4
Nh5 9. Bd2 f5 10. Rc1 d6 11. d5 e5 12. Ng5 Bxg5 13. Bxg5 h6 14. e4 Qe8 15. Bf3
hxg5 16. Bxh5 g6 17. Be2 f4 18. Bg4 Bc8 19. b4 Qe7 20. Bxc8 Rxc8 21. Qg4 Nd7
22. Qe6+ Qxe6 23. dxe6 Nf8 24. Nd5 Kg7 25. e7 Ne6 26. b5 Kf7 27. f3 Rh8 28. Kg2
Rh7 29. g4 Rah8 1/2-1/2

[Event "Open Integrale Autunno"]
[Site "Milano ITA"]
[Date "2015.10.01"]
[Round "6"]
[White "Mei, Gianluca"]
[Black "Pasini, Nicolo'"]
[WhiteElo "1843"]
[BlackElo "1862"]
[Result "1/2-1/2"]
[PlyCount "102"]
[EventDate "2015.09.15"]

1. e4 e6 2. d4 d5 3. e5 c5 4. c3 Nc6 5. Nf3 Bd7 6. Be2 f6 7. O-O fxe5 8. dxe5
Qc7 9. Re1 O-O-O 10. Bf4 Nh6 11. h3 Nf7 12. Bf1 Be7 13. Qd2 h6 14. Na3 a6 15.
Nc2 g5 16. Bh2 h5 17. Ne3 Rdf8 18. Nxd5 exd5 19. e6 Bd6 20. exd7+ Qxd7 21. Bxd6
Qxd6 22. Rad1 g4 23. Ng5 Nxg5 24. Qxg5 d4 25. h4 Rhg8 26. Qd2 g3 27. fxg3 Qxg3
28. Bc4 Rg7 29. Bd5 Ne5 30. cxd4 Ng4 31. Be6+ Kb8 32. Bxg4 Rxg4 33. dxc5 Ka7
34. Rf1 Rfg8 35. Rf2 Qxh4 36. Qd6 R8g6 37. Qd5 Qe7 38. c6 Rxc6 39. Qf7 Qxf7 40.
Rxf7 Rc2 41. Rf2 Rc7 42. Rd5 h4 43. Kh2 Rcg7 44. Rh5 b5 45. Kh3 Rg3+ 46. Kh2
R7g4 47. Rh6 Kb7 48. Rf7+ Kb8 49. Rh8+ Rg8 50. Rxg8+ Rxg8 51. Rh7 Rg4 1/2-1/2

[Event "Open Integrale Autunno"]
[Site "Milano ITA"]
[Date "2015.10.01"]
[Round "6"]
[White "Nicolo', Filippo"]
[Black "Mina, N. Mina"]
[WhiteElo "2030"]
[BlackElo "2166"]
[Result "1/2-1/2"]
[PlyCount "44"]
[EventDate "2015.09.15"]

1. e4 g6 2. d4 Bg7 3. Nc3 d6 4. Bg5 Nf6 5. Qd2 c6 6. f4 b5 7. e5 b4 8. exf6
exf6 9. Ne4 fxg5 10. fxg5 O-O 11. O-O-O d5 12. Ng3 a5 13. Nf3 Nd7 14. Qf4 c5
15. h4 b3 16. cxb3 a4 17. h5 axb3 18. a3 cxd4 19. Kb1 Ne5 20. hxg6 Nxg6 21. Bd3
Qb6 22. Qd2 Bg4 1/2-1/2

[Event "Open Integrale Autunno"]
[Site "Milano ITA"]
[Date "2015.10.01"]
[Round "6"]
[White "Spada, Maurizio"]
[Black "Silari, Andrea"]
[WhiteElo "1611"]
[BlackElo "1698"]
[Result "1-0"]
[PlyCount "61"]
[EventDate "2015.09.15"]

1. e4 c5 2. Nc3 Nc6 3. f4 d6 4. Nf3 g6 5. Bc4 Na5 6. Bb5+ Bd7 7. Qe2 e6 8. O-O
a6 9. Bxd7+ Qxd7 10. f5 O-O-O 11. fxe6 fxe6 12. d4 cxd4 13. Nxd4 Bg7 14. Be3
Nh6 15. b4 Nc6 16. Nxc6 Qxc6 17. b5 Qxc3 18. bxa6 Bd4 19. axb7+ Kb8 20. Bxd4
Qxd4+ 21. Kh1 Rd7 22. Rab1 Rxb7 23. Qa6 Qxe4 24. Qxd6+ Ka7 25. Rxb7+ Qxb7 26.
Qd4+ Qb6 27. Qxh8 Ng4 28. Qxh7+ Ka6 29. Qf7 Ne3 30. Re1 e5 31. Qf2 1-0

[Event "Open Integrale Autunno"]
[Site "Milano ITA"]
[Date "2015.10.06"]
[Round "7"]
[White "Arena, Ignazio"]
[Black "Maccari, Piergiuseppe"]
[WhiteElo "1490"]
[BlackElo "1831"]
[Result "0-1"]
[PlyCount "54"]
[EventDate "2015.09.15"]

1. d4 Nf6 2. c4 g6 3. Nc3 d5 4. cxd5 Nxd5 5. e4 Nxc3 6. bxc3 Bg7 7. Nf3 c5 8.
Be3 O-O 9. Be2 Qa5 10. Bd2 Nc6 11. O-O Bg4 12. h3 Bxf3 13. Bxf3 cxd4 14. cxd4
Qa3 15. Be3 Rfd8 16. d5 Bxa1 17. Qxa1 Nb4 18. Bh6 f6 19. Bg4 Nd3 20. Be6+ Kh8
21. f4 Qb2 22. Qd1 Qd4+ 23. Kh2 Qxe4 24. f5 Rxd5 25. Bxd5 Qxd5 26. Qg4 Rg8 27.
fxg6 Rxg6 0-1

[Event "Open Integrale Autunno"]
[Site "Milano ITA"]
[Date "2015.10.06"]
[Round "7"]
[White "Bracci, Andrea"]
[Black "Paolillo, Giampiero"]
[WhiteElo "1918"]
[BlackElo "1737"]
[Result "1/2-1/2"]
[PlyCount "137"]
[EventDate "2015.09.15"]

1. e4 e6 2. d4 d5 3. Nd2 c5 4. exd5 exd5 5. Ngf3 Nf6 6. c3 Nc6 7. Bb5 a6 8.
Qe2+ Qe7 9. Bxc6+ bxc6 10. Qxe7+ Bxe7 11. dxc5 Bxc5 12. O-O O-O 13. Nb3 Bd6 14.
Be3 Bd7 15. Bc5 Bxc5 16. Nxc5 a5 17. Nd4 Rab8 18. b3 Rbc8 19. Rfe1 Rfe8 20. f3
Kf8 21. Kf2 Rxe1 22. Rxe1 Be8 23. b4 axb4 24. cxb4 Nd7 25. Ndb3 Rb8 26. a3 Ra8
27. Nxd7+ Bxd7 28. Nc5 Be8 29. a4 Rb8 30. Rb1 Ke7 31. Ke3 Bd7 32. Kd4 Bf5 33.
Rb2 h5 34. h4 Kd6 35. a5 Ra8 36. a6 Bd7 37. Ra2 Ra7 38. Nxd7 Kxd7 39. Kc5 Kc7
40. b5 cxb5 41. Kxb5 Kb8 42. Re2 Rd7 43. Kc6 Rd8 44. Rd2 d4 45. a7+ Ka8 46. Rd3
g6 47. Kc5 Kxa7 48. Rxd4 Rc8+ 49. Kb5 Rc7 50. g4 hxg4 51. fxg4 Re7 52. Kc6 Kb8
53. g5 Kc8 54. Ra4 Re6+ 55. Kd5 Kd7 56. Ra7+ Ke8 57. Rc7 Kf8 58. Rc4 Ke7 59.
Rc7+ Ke8 60. Ra7 Kf8 61. Rb7 Ke8 62. Rb4 Ke7 63. Ra4 Kd7 64. Rf4 Ke7 65. Rf3
Ke8 66. Rh3 Ke7 67. h5 gxh5 68. Rxh5 Rg6 69. Ke5 1/2-1/2

[Event "Open Integrale Autunno"]
[Site "Milano ITA"]
[Date "2015.10.06"]
[Round "7"]
[White "Cantoro, Daniele"]
[Black "Nicolo', Filippo"]
[WhiteElo "2130"]
[BlackElo "2030"]
[Result "1/2-1/2"]
[PlyCount "34"]
[EventDate "2015.09.15"]

1. e4 e6 2. d4 d5 3. Nc3 Nc6 4. Nf3 Nf6 5. e5 Ne4 6. Bd3 Bb4 7. O-O Nxc3 8.
bxc3 Bxc3 9. Rb1 h6 10. Ba3 a5 11. Bb5 Bd7 12. Rb3 Bb4 13. Bxb4 axb4 14. Ne1
O-O 15. Bxc6 Bxc6 16. Nd3 Qe7 17. Nxb4 Ba4 1/2-1/2

[Event "Open Integrale Autunno"]
[Site "Milano ITA"]
[Date "2015.10.06"]
[Round "7"]
[White "Ceraulo, Carlo Alberto"]
[Black "Colica, Daniele"]
[WhiteElo "1456"]
[BlackElo "1660"]
[Result "0-1"]
[PlyCount "98"]
[EventDate "2015.09.15"]

1. d4 Nf6 2. c4 e6 3. Nc3 Bb4 4. e3 O-O 5. Bd3 d5 6. Nge2 c5 7. cxd5 cxd4 8.
exd4 exd5 9. O-O Nc6 10. Bg5 Be7 11. Rc1 Bg4 12. f3 Bh5 13. Nf4 Bg6 14. Bxg6
hxg6 15. Re1 Re8 16. Kh1 Qa5 17. Nfe2 Kf8 18. Qa4 Qxa4 19. Nxa4 Nh7 20. Bxe7+
Rxe7 21. Nc5 b6 22. Nd7+ Rxd7 23. Rxc6 Nf6 24. Rec1 Rad8 25. a4 Rd6 26. b4 Rxc6
27. Rxc6 Ke7 28. Nf4 Kd7 29. b5 Rc8 30. Rxc8 Kxc8 31. g4 g5 32. Nd3 Nd7 33. Kg2
Kb7 34. Kg3 a5 35. bxa6+ Kxa6 36. Nb4+ Ka5 37. Nxd5 Kxa4 38. Kf2 b5 39. Ke2 b4
40. Kd3 Ka3 41. Kc2 Nb8 42. Kb1 Nc6 43. f4 gxf4 44. Nxf4 Nxd4 45. h4 Nb5 46.
Nd5 Nc3+ 47. Nxc3 bxc3 48. Kc2 Kb4 49. h5 f6 0-1

[Event "Open Integrale Autunno"]
[Site "Milano ITA"]
[Date "2015.10.06"]
[Round "7"]
[White "Del Frate, Walter"]
[Black "Brisotto, Stefano"]
[WhiteElo "1461"]
[BlackElo "1465"]
[Result "1-0"]
[PlyCount "81"]
[EventDate "2015.09.15"]

1. e4 c5 2. Nc3 Nc6 3. f4 g6 4. Nf3 Bg7 5. Bb5 e5 6. Bxc6 dxc6 7. d3 Bg4 8. O-O
Ne7 9. h3 Bxf3 10. Qxf3 O-O 11. fxe5 Bxe5 12. Bh6 Bg7 13. Bxg7 Kxg7 14. Qf6+
Kg8 15. Rf4 Qd4+ 16. Kh1 Qxf6 17. Rxf6 Rad8 18. Ne2 Nf5 19. exf5 Kg7 20. fxg6
Kxf6 21. gxh7 Kg7 22. b3 b5 23. a4 a6 24. Kg1 c4 25. bxc4 bxc4 26. d4 Rb8 27.
c3 Rb2 28. Ng3 Kxh7 29. Ne4 Rg8 30. Nf6+ Kg7 31. Nxg8 Kxg8 32. Re1 Kf8 33. Re5
Rc2 34. Rc5 Rxc3 35. Rxc6 Rc1+ 36. Kh2 a5 37. Rc5 c3 38. Rxa5 c2 39. Rc5 Ra1
40. Rxc2 Rxa4 41. Rd2 1-0

[Event "Open Integrale Autunno"]
[Site "Milano ITA"]
[Date "2015.10.06"]
[Round "7"]
[White "Figini, Vittorio"]
[Black "Colombo, Abner"]
[WhiteElo "1473"]
[BlackElo "1307"]
[Result "1-0"]
[PlyCount "79"]
[EventDate "2015.09.15"]

1. e4 e5 2. Nf3 Nc6 3. Bb5 f5 4. d3 a6 5. Ba4 b5 6. Bb3 f4 7. Bd5 Nge7 8. Bb3
h6 9. a3 d6 10. c3 Bg4 11. h3 Bh5 12. Nbd2 Qd7 13. Ba2 a5 14. b3 d5 15. Qc2 b4
16. Bb2 Nc8 17. O-O bxa3 18. Bc1 d4 19. cxd4 exd4 20. Kh2 Nb4 21. Qb1 Qb5 22.
Nc4 Bxf3 23. gxf3 Nd6 24. Bxf4 g5 25. Bg3 Be7 26. Qd1 Nxa2 27. Rxa2 Nxc4 28.
bxc4 Qc6 29. Qe2 h5 30. Kh1 Qe6 31. Kg2 O-O-O 32. f4 gxf4 33. Bxf4 Rdg8+ 34.
Kh2 Qg6 35. f3 Bh4 36. Kh1 Rf8 37. Be5 Rhg8 38. Bxd4 Rd8 39. Be3 Rxd3 40. Qxd3
1-0